Normal view
MARC view
Entry Nombre corporativo
001 - NÚMERO DE CONTROL
- campo de control: 36126
003 - IDENTIFICADOR DE NÚMERO DE CONTROL
- campo de control: OSt
005 - FECHA Y HORA DE LA ÚLTIMA TRANSACCIÓN
- campo de control: 20221005161649.0
008 - ELEMENTOS DE DATO DE LONGITUD-FIJA
- campo de control de longitud fija: 221005|| aca||aabn | a|a d
040 ## - FUENTE DE CATALOGACIÓN
- Centro catalogador/agencia de origen: OSt
- Centro/agencia transcriptor: OSt
110 ## - ENCABEZAMIENTO-NOMBRE DE ENTIDAD CORPORATIVA
- Nombre de entidad corporativa o nombre de jurisdicción como elemento de entrada: ENCUENTRO FEMENINO INTERNACIONAL DE EMERGENCIA EN SOLIDARIDAD CON EL PUEBLO LIBIO Y POR UNA PAZ EN EL MEDITERRANEO
- Sede del congreso/Lugar de la reunión: Atenas
- Fecha del congreso o de la firma del tratado: 1986
670 ## - FUENTE DE DATOS ENCONTRADOS
- Cita de la fuente: Work cat.: (OSt)54566: ENCUENTRO FEMENINO INTERNACIONAL DE EMERGENCIA EN SOLIDARIDAD CON EL PUEBLO LIBIO Y POR UNA PAZ EN EL MEDITERRANEO Atenas 1986, Encuentro femenino Internacional de Emergencia en Solidaridad con el Pueblo Libio y por una Zona de Paz en el Mediterráneo, 1986